<?xml version="1.0" encoding="UTF-8"?>
<collection xmlns="http://www.loc.gov/MARC21/slim">
 <record>
  <leader>00584pamaa2200193   4500</leader>
  <controlfield tag="001">0000039298</controlfield>
  <controlfield tag="005">20090410090000.0</controlfield>
  <datafield tag="020" ind1="0" ind2="0">
   <subfield code="a">032128717 (CD) </subfield>
  </datafield>
  <datafield tag="082" ind1=" " ind2=" ">
   <subfield code="a">519.5 DEV</subfield>
  </datafield>
  <datafield tag="090" ind1="0" ind2="0">
   <subfield code="a">QA276.12 </subfield>
   <subfield code="b">DEV</subfield>
  </datafield>
  <datafield tag="100" ind1="1" ind2="0">
   <subfield code="a">De Veaux, </subfield>
  </datafield>
  <datafield tag="245" ind1="1" ind2="0">
   <subfield code="a">Intro stats [</subfield>
   <subfield code="m">CD-ROM]  </subfield>
   <subfield code="c">Richard D.De Veaux, Paul F. Velleman, David E. Bock.</subfield>
  </datafield>
  <datafield tag="250" ind1="0" ind2="0">
   <subfield code="a">2nd ed.</subfield>
  </datafield>
  <datafield tag="260" ind1="0" ind2="0">
   <subfield code="a">Boston: </subfield>
   <subfield code="b">Pearson/Addison Wesley, </subfield>
   <subfield code="c">2006.</subfield>
  </datafield>
  <datafield tag="300" ind1=" " ind2=" ">
   <subfield code="a">1 CD-ROM; </subfield>
   <subfield code="c">4.5 inch.</subfield>
  </datafield>
  <datafield tag="500" ind1="0" ind2="0">
   <subfield code="a">To accompany textbook with title &quot; Intra Stats&quot;</subfield>
  </datafield>
  <datafield tag="650" ind1="0" ind2="0">
   <subfield code="a">Statistics -- </subfield>
   <subfield code="x">Textbooks </subfield>
  </datafield>
  <datafield tag="700" ind1="1" ind2="1">
   <subfield code="a">Vellman, </subfield>
   <subfield code="h">Paul F </subfield>
  </datafield>
  <datafield tag="700" ind1="1" ind2="1">
   <subfield code="a">Bock, </subfield>
   <subfield code="h">David E </subfield>
  </datafield>
 </record>
</collection>
